La reconstruction d'une relation dans l'hypothèse forte : isomorphie des restrictions à chaque partie stricte de la base /

Guardado en:
Autor Principal: Fraïssé, Roland.
Otros Autores: Lopez, Gérard.
Formato: Libro
Idioma:French
Publicado: Montréal, Québec, Canada : Presses de l'Université de Montréal, 1990.
Series:Séminaire de mathématiques supérieures ; 109
Materias:
Etiquetas: Agregar Etiqueta
Sin Etiquetas, Sea el primero en etiquetar este registro!
LEADER 00898nam a2200229 a 4500
001 MAT.inmabb004367
008 910211s1990####quc######b####000#0#fre##
005 20151118154724.0
245 1 3 |a La reconstruction d'une relation dans l'hypothèse forte :  |b isomorphie des restrictions à chaque partie stricte de la base /  |c Roland Fraïssé, Gérard Lopez. 
260 |a Montréal, Québec, Canada :  |b Presses de l'Université de Montréal,  |c 1990. 
300 |a 139 p. ;  |c 28 cm. 
440 0 |a Séminaire de mathématiques supérieures ;  |v 109 
504 |a Incluye referencias bibliográficas (p. [138]-139). 
510 4 |a MR,  |c 91f:04001 
020 |a 2760615294 
100 1 |a Fraïssé, Roland. 
700 1 |a Lopez, Gérard. 
650 0 |a Reconstruction (Graph theory) 
084 |a 03E20 (08A02 03C15 05C60)  |2 msc2000 
010 |a  91116370  
040 |a DLC  |c DLC 
859 |h 03  |i F812r  |p A-6333  |b BIB. MATEMATICA